| 000 | 00741nam a22001937a 4500 | ||
|---|---|---|---|
| 005 | 20180118151524.0 | ||
| 010 | _aENG-122113 | ||
| 020 |
_a9789352601585 _c675.00 |
||
| 035 | _aEN-105645 | ||
| 037 | _bDBAD/PUB | ||
| 082 | _a620.103 | ||
| 100 | _aBeer, Ferdinand P. | ||
| 245 |
_aVector mechanics for engineers statics / _cby Ferdinand P. Beer, E. Russell Johnston, Jr. and David F. Mazurek |
||
| 260 |
_aTamil Nadu _bMcGraw Hill Education (India) _c2018 |
||
| 270 | _a444/1, Sri Ekambara Naicker Industrial Estate, Alapakkam, Porur, Chennai-600116, Tamil Nadu, India | ||
| 300 |
_axvii, various pages. _c25cm(pbk) _bill. |
||
| 700 | _dE. Russell Johnston, Jr. and David F. Mazurek | ||
| 942 |
_2ddc _cEN _h620.103 _mBEE |
||
| 999 |
_c149304 _d149304 |
||